00575nam a2200181Ia 4500008004100000020001500041041001200056082001600068100001500084245005200099260002500151300000800176650001800184700001500202942000700217999001500224952015400239221030s9999 xx 000 0 und d a007460208x aEnglish a105.23bMan aM. Y. Khan 0aFinancial Managementcby M. Y. Khan, P. K. Jain bTMHaNew Delhic1999 a785 aBE Management aP. K. Jain cBK c5426d5426 pBE 1289g175.00l0o105.23 Manr2024-06-13 00:00:00w2022-10-30yBK003Print4070aMIETLIBbMIETLIBcBL-, FL-, CUP-39, SH-3, R-3d2000-04-2610HBE